| 000 | 00502nam a22001817a 4500 | ||
|---|---|---|---|
| 005 | 20260428114203.0 | ||
| 008 | 260428b |||||||| |||| 00| 0 eng d | ||
| 020 | _a978-0-8153-4527-5 | ||
| 050 | _aQR 181 .P37 2015 | ||
| 100 | _aPARHAM, PETER. | ||
| 245 | _aTHE IMMUNE SYSTEM. | ||
| 250 | _a4TH | ||
| 260 |
_aNEW YORK, _bGARLAND SCIENCE. TAYLOR AND FRANCIS GROUP. |
||
| 300 | _aXXI, 532 P . ILL | ||
| 500 | _aINCLUDES INDEX | ||
| 650 | _aIMMUNE SYSTEM. 2. IMMUNOPATHOLOGY. | ||
| 942 |
_2lcc _cBK |
||
| 999 |
_c217059 _d217059 |
||